000 01772nam0a22004211 4500
001 rc\133680
005 20030307112233.5
010 _a5-87532-112-1
035 _a(NLR Aleph) 005407389
090 _a7337331
_c7337331
100 _a20030307d1996 u |0rusy50 ca
101 0 _arus
_aeng
102 _aRU
105 _aa |||||||||
200 1 _aЖажда
_dThirst
_e[Стихи]
_fГалина Вахнина
210 _aМ.
_cAcademia
_d1996
215 _a158, [2] с.
_cил.
_d21
300 _aПеред вып. дан. авт.: Галина Антоновна Вахнина (Антипенко)
300 _aТекст парал.: рус., англ.
300 _aЧ. текста: англ.
327 0 _aСодерж.: Циклы: Ранняя любовь; Травяные браслеты; Бессарабские сны; Жажда; Лодка без весла; Морские прибаутки; Контуры городов; Упрямство сердца; Записки в уединении; Безумная, и др.
464 0 _12001#$aРанняя любовь
464 0 _12001#$aТравяные браслеты
464 0 _12001#$aБессарабские сны
464 0 _12001#$aЖажда
464 0 _12001#$aЛодка без весла
464 0 _12001#$aМорские прибаутки
464 0 _12001#$aКонтуры городов
464 0 _12001#$aУпрямство сердца
464 0 _12001#$aЗаписки в уединении
464 0 _12001#$aБезумная
510 0 _aThirst
700 1 _aВахнина
_bГ. А.
_gГалина Антоновна
801 0 _aRU
_bNLR
_gpsbo
801 1 _aRU
_bELAR
_2rusmarc
852 _aNLR
_j96-3/8715
942 _cBOOK
980 _aNB